000 00877nas a2200301 4500
001 BR0402352
003 BR-BrBNA
005 20231205104529.0
007 ta
008 230509b bl.|||p| |||| 00| 00por d
040 _aBR-BrBNA
_bpor
_cBiblioteca Nacional de Agricultura
041 _a(Pt)
072 _aF02
100 1 _aVilla, F.
100 1 _aPio, R.
100 1 _aChalfun, N.N.J.
100 1 _aGontijo, T.C.A.
100 1 _aDutra, L.F.
245 1 _aPropagação de amoreira-preta utilizando estacas lenhosas
650 _aAMORA PRETA
650 _aENRAIZAMENTO DE ESTACA
650 _aREGULADOR DE CRESCIMENTO
650 _aFRUTO
650 _aÁCIDO INDOLBUTÍRICO
773 0 _tCiência e Agrotecnologia (Brazil)
_xISSN 1413-7054
_g(Jul-Aug 2003), v. 27(4) p. 829-834
_wBR0402352
909 _a202311
_bLúcia
_c55
_dLúcia Elande
942 _2AGRIS
_n0
_cANA
999 _c178560
_d178560